000 00685nam a2200253Ia 4500
003 OSt
005 20221007100321.0
006 a|||||r|||| 00| 0
007 ta
008 221006b |||||||| |||| 00| 0 eng d
024 _a4,231
037 _cTextual
040 _aLCO
_cLCO
_beng
041 _2eng
_aeng
082 _aX72:(Z), L9
100 _aAiyar A.N.
245 0 _aIndian Tax Laws, 1979 Revised by T.A. Raj Gopal
260 _aMadras
_bCompany Law Institute of India Private Ltd. India
_c1979
300 _a776+64+lxvii
500 _aThe Finance Act of 1979
650 _aTAX
942 _hX72:(Z), L9
_cTEXL
999 _c1173794
_d1173794